Computational Fluid Dynamics Vol-II (Record no. 23694)
[ view plain ]
| 000 -LEADER | |
|---|---|
| fixed length control field | 00335nam a22000977a 4500 |
| 008 - FIXED-LENGTH DATA ELEMENTS--GENERAL INFORMATION | |
| fixed length control field | 140101b xxu||||| |||| 00| 0 eng d |
| 020 ## - INTERNATIONAL STANDARD BOOK NUMBER | |
| International Standard Book Number | 0962373133 |
| Terms of availability | Available |
| 082 ## - DEWEY DECIMAL CLASSIFICATION NUMBER | |
| Edition number | Fourth Ed |
| Classification number | 532.05015118HOF |
| Author Mark | 002370 |
| 245 ## - TITLE STATEMENT | |
| Title | Computational Fluid Dynamics Vol-II |
| Statement of responsibility, etc. | Hoffmann Klaus |
| 260 ## - PUBLICATION, DISTRIBUTION, ETC. | |
| Place of publication, distribution, etc. | USA |
| Name of publisher, distributor, etc. | A Publication of Engineering Education System |
| Date of publication, distribution, etc. | 2000 |
| Withdrawn status | Lost status | Source of classification or shelving scheme | Damaged status | Not for loan | Permanent Location | Current Location | Shelving location | Date acquired | Total Checkouts | Full call number | Barcode | Date last seen | Price effective from | Koha item type |
|---|---|---|---|---|---|---|---|---|---|---|---|---|---|---|
| School of Interdisciplinary Engineering and Sciences (SINES) | School of Interdisciplinary Engineering and Sciences (SINES) | General Stacks | 01/01/2014 | 532.05015118HOF | RCMS 002370 | 01/01/2014 | 01/01/2014 | Book |
